000 00383nam a2200169Ia 4500
008 160319s9999 xx 000 0 und d
020 _a9712715019
050 _a923.1
050 _bP191 204
245 _a Mga pangulo ng Pilipinas /
260 _aPasig City :
260 _bAnvil Pub. Inc.
260 _c2004
300 _a 123 p. :
300 _bill. ;
300 _c23 cm
999 _c292243
_d292243